Mort Subite - Petits-enfants Weasley - Statistiques

Statistiques générales
  • Ce quiz a été pris 47 fois
  • Le résultat moyen est 9 sur 12
Answers on the Grid
Answers color-coded by a green-red scale on the quiz's grid according to % correct below.
Pansy Parkinson
Victoire Weasley
Argus Rusard
Cho Chang
Dominique Weasley
Severus Rogue
Quirinus Quirrell
Louis Weasley
Ginny Weasley
Blaise Zabini
Molly II Weasley
Dobby
Lucy Weasley
Sirius Black
Drago Malefoy
Fred II Weasley
Kreattur
Roxanne Weasley
Hagrid
Fleur Delacour
Rose Weasley
Cédric Diggory
Hugo Weasley
Andromeda Tonks
Miss Teigne
James Sirius Potter
Nagini
Albus Severus Potter
Dean Thomas
Lily Luna Potter
 
Statistiques - réponses
Réponse % Correct
Victoire Weasley
83%
Dominique Weasley
77%
Hugo Weasley
77%
Louis Weasley
73%
Rose Weasley
73%
Fred II Weasley
70%
Lucy Weasley
70%
Molly II Weasley
70%
Roxanne Weasley
70%
Albus Severus Potter
63%
Lily Luna Potter
63%
James Sirius Potter
60%
Aucun quiz correspondant
Distribution des résultats
% des personnes avec chaque résultat
Percentile par nombre de réponses
Votre historique - résultats
Vous n’avez pas pris ce quiz